000
00305nam a2200121Ia 4500
008
191201s2013 xx 000 0 und d
100
_a
HARVARD BUSINESS REVIEW,PRESS
245
0
_a
Decision Making
260
_a
Donated
_b
Harvard Business Review Press
_c
2013
300
_a
167
650
_a
MBA
942
_2
ddc
_c
BK
999
_c
29
_d
29